000 00788nam a2200217 i 4500
001 162469
003 ES-MaACL
005 20250801063734.0
008 990323s1879 sp |||| | spa d
080 _a342.72(729.1)
080 _a343.43(729.1)
100 1 _aPortuondo y Barceló, Bernardo.
_993307
245 1 0 _aVoto particular sobre la reforma social de Cuba /
_cformulado por B. Portuondo.
260 _aMadrid :
_b[s.n.],
_c1879 (
_fImp. a cargo de J.J. de las Heras)
300 _a62 p. ;
_c21 cm.
530 _aDisponible en formato digital.
650 7 _aEsclavitud-
_xDerecho y legislación-
_zCuba
_2
_9158497
852 4 _aES-MaACL
_jFol-Laf-459
856 4 _uhttp://bdh-rd.bne.es/viewer.vm?id=0000121137&page=1
_zBiblioteca Digital Hispánica
999 _c162469
_d162469